| 000 | 00685nam a2200229 i 4500 | ||
|---|---|---|---|
| 001 | bgj | ||
| 100 | 1 |
_aBLACKMORE, Richard Doddridge _d(1825-1900). |
|
| 245 | 0 |
_aLorna Doone / _cR. D. Blackmore. |
|
| 260 |
_aWare : _bWordsworth Classic, _c1993= _bWordsworth Editions Limited _e(St Ives : _fClays Ltd). |
||
| 300 |
_a440 pp ; _c18 cm. |
||
| 650 | 9 | _aEnglish historical novel | |
| 650 | 9 |
_aMonmouth's Rebelion, 1865 _xFiction |
|
| 650 | 9 | _aHistorical fiction | |
| 650 | 9 | _aWar stories | |
| 650 | 9 | _aLove stories | |
| 020 | _a1853260762 (pbk) | ||
| 040 | _cBPK | ||
| 041 | 0 | _aeng | |
| 920 | _aISBN1-85326-076-2 (pbk) | ||
| 942 | _cKS | ||
| 008 | s uk f |000 0 eng | ||
| 999 |
_c48289 _d48289 |
||